<?xml version="1.0" encoding="UTF-8"?>
<collection xmlns="http://www.loc.gov/MARC21/slim">
 <record>
  <leader>00646pamaa2200181   4500</leader>
  <controlfield tag="001">0000017494</controlfield>
  <controlfield tag="005">20100312090000.0</controlfield>
  <datafield tag="020" ind1="0" ind2="0">
   <subfield code="a">0321018885 </subfield>
  </datafield>
  <datafield tag="090" ind1="0" ind2="0">
   <subfield code="a">JK271 </subfield>
   <subfield code="b">EDW 1998</subfield>
  </datafield>
  <datafield tag="100" ind1="1" ind2="0">
   <subfield code="a">Edwards </subfield>
  </datafield>
  <datafield tag="245" ind1="1" ind2="0">
   <subfield code="a">Test bank to accompany government in America : </subfield>
   <subfield code="b">people, politics, and policy  </subfield>
   <subfield code="c">George C. Edwards, Martin P. Wattenberg and Robert L. Lineberry ; prepared by Jan E. Leighley.</subfield>
  </datafield>
  <datafield tag="250" ind1="0" ind2="0">
   <subfield code="a">8th ed.</subfield>
  </datafield>
  <datafield tag="260" ind1="0" ind2="0">
   <subfield code="a">New York: </subfield>
   <subfield code="b">Harper Collins, </subfield>
   <subfield code="c">1998.</subfield>
  </datafield>
  <datafield tag="300" ind1=" " ind2=" ">
   <subfield code="a">xxxi, 670p.: </subfield>
   <subfield code="b">29cm.</subfield>
  </datafield>
  <datafield tag="651" ind1="0" ind2="0">
   <subfield code="a">United States -- </subfield>
   <subfield code="x">Politics and government </subfield>
  </datafield>
  <datafield tag="700" ind1="1" ind2="1">
   <subfield code="a">Lineberry, </subfield>
   <subfield code="h">Robert L. </subfield>
  </datafield>
  <datafield tag="700" ind1="1" ind2="1">
   <subfield code="a">Leighley, </subfield>
   <subfield code="h">Jan E. </subfield>
  </datafield>
  <datafield tag="700" ind1="1" ind2="1">
   <subfield code="a">Wattenberg, </subfield>
   <subfield code="h">Martin P. </subfield>
  </datafield>
 </record>
</collection>
